00438nam a2200145 a 450000100100000000500170001000800410002702000180006804000250008608200150011110000280012624500660015426000450022030000270026500004872220201002061345.0190410s2010 dr a r 000 spa d a9789945003147 aDO-SdBNPbspacBNPHU axxxbR456e aReynoso Medina, Araceli10aEsclavitud y trabajo en los obrajes de Coyoacán siglo XVII. aSanto Domingo :bListín Diario,c2010. a227 p. :bil ;c22 cm.